Psicanálise e sintoma social /

Los trabajos reunidos en el libro son: El fantasma de la lógica en lo social y las razones científicas de la corrupción; Brasil: las raíces de lo contradictorio; De uno a otro: historicidad y gozo; Violencia; Feminidad e imaginario social; Delincuencia y malos tratos; Respecto al discurso brasileño;...

Descripción completa

Guardado en:
Detalles Bibliográficos
Autor principal: Fleig, Mario (coord.)
Formato: Libro
Idioma:Portugués
Publicado: São Leopoldo, Brasil : UNISINOS 1993, c1993
Temas:
Etiquetas: Agrega una etiqueta
Sin etiquetas, Sé el primero en etiquetar este registro!

MARC

LEADER 00000nam^a2200000^a^4500
001 000038518
005 20250521000000.0
009 20260310085507.939
020 |a 85-85580-07-0 
037 |a Acervo ITESO - Biblioteca 
041 |a POR 
082 |a 616. 8917  |b FLE 
100 |a Fleig, Mario  |e (coord.) 
245 1 0 |a Psicanálise e sintoma social /  |c Coord. y presen. de M. Fleig. 
264 4 |a São Leopoldo, Brasil :  |b UNISINOS  |c 1993, c1993 
300 |a 196 p. 
336 |a texto  |b txt  |2 rdacontenido 
337 |a sin mediación  |b n  |2 rdamedio 
338 |a volumen  |b nc  |2 rdasoporte 
520 |a Los trabajos reunidos en el libro son: El fantasma de la lógica en lo social y las razones científicas de la corrupción; Brasil: las raíces de lo contradictorio; De uno a otro: historicidad y gozo; Violencia; Feminidad e imaginario social; Delincuencia y malos tratos; Respecto al discurso brasileño; Marketing, o abuso del psicoanálisis; La posibilidad de macropropocisiones en la teoría de Jacques Lacan; ¿Qué prostitución es esa?; La escuela; Crianza psicótica y escuela pública; Parentalidad avergonzada; Sociedad e individuo. 
649 |a XX 
650 |a Psicoanálisis -  |z Brasil 
650 |a Problemas Sociales -  |z Brasil 
650 |a Psicología Social 
650 |a Sociología -  |z Brasil 
910 |a Fondo General 
920 |a Impresos - Libros 
930 |a Colección General 
905 |a 101 
901 |a 0385180100  |b IT1  |c ACC  |i 038518  |u 20250521 
902 |a https://opac.biblio.iteso.mx/vufind/Record/000038518